Statistics for MGK- forget me too (lyrics)

Click here to take the quiz!

General Stats

  • This quiz has been taken 38 times
  • The average score is 211 of 340

Answer Stats

Answer% Correct
for
100%
i
100%
me
100%
to
100%
you
100%
forget
96%
a
91%
hate
91%
when
91%
too
87%
be
83%
do
83%
ok
83%
want
83%
bet
78%
baby
74%
get
74%
in
74%
tell
74%
yeah
74%
so
70%
the
65%
your
57%
im
52%
room
48%
then
48%
time
48%
back
43%
my
43%
on
43%
wait
43%
an
39%
door
39%
lookin
39%
much
39%
night
39%
waiting
39%
wasted
39%
and
35%
but
35%
cant
35%
dont
35%
ever
35%
keeping
35%
not
35%
panic
35%
see
35%
walk
35%
best
30%
its
30%
ive
30%
phone
30%
are
26%
before
26%
left
26%
okay
26%
sober
26%
that
26%
tried
26%
up
26%
were
26%
while
26%
youre
26%
around
22%
at
22%
bad
22%
blood
22%
gonna
22%
off
22%
saw
22%
wall
22%
why
22%
wont
22%
bag
17%
calls
17%
couple
17%
every
17%
feel
17%
hours
17%
just
17%
key
17%
last
17%
later
17%
make
17%
perfume
17%
put
17%
reason
17%
right
17%
smell
17%
taste
17%
things
17%
better
13%
bleed
13%
both
13%
calligraphy
13%
cause
13%
chateau
13%
damn
13%
dreams
13%
emotional
13%
face
13%
hey
13%
hole
13%
home
13%
id
13%
leave
13%
let
13%
one
13%
pretend
13%
seeing
13%
stay
13%
tattooed
13%
think
13%
twenty nine
13%
woke
13%
alive
9%
alone
9%
breath
9%
die
9%
eating
9%
forever
9%
kaleidoscope
9%
more
9%
name
9%
obvious
9%
permanent
9%
punched
9%
screens
9%
silk
9%
we’d
9%
still
4%
with
4%

Score Distribution

Percentile by Number Answered

Percent of People with Each Score

Your Score History

You have not taken this quiz